01017nam a2200265 a 450000100060000000300080000600500170001400800410003103500190007204000360009104100080012708200260013510000420016124500990020326000380030230000290034050000740036950400270044365000370047065000240050770000420053194200120057399900170058595201490060252600BD-RjUL20211209075831.0160922s1960 enka b 000 0 eng  a(BD-RjUL)52720 aDLC/ICUcICUdDLCdBD-RjULbeng aeng00223a531.382bGRL 19601 aGreen, A. E.q(Albert Edward)915731710aLarge elastic deformations and non-linear continuum mechanics,cby A.E. Green and J.E. Adkins. aOxford :bClarendon Press,c1960. a348 p. :billus.c24 cm. aSecond ed. published in 1970 under title: Large elastic deformations. aIncludes bibliography. 0aDeformations (Mechanics)9155995 0aElasticity.91559961 aAdkins, J. E.,ejoint author.9157318 2ddccBK c52600d52600 00102ddc40718NFICaRUCLbRUCLcReadingd2016-09-22eSwets & Zeitlingerg63.00l0o531.382 GRL 1960r2016-09-22 00:00:00tC-1w2016-09-22yBK